| 000 | 00650nam a22002177a 4500 | ||
|---|---|---|---|
| 003 | KOHA_MİRAKIL | ||
| 005 | 20260508090414.0 | ||
| 008 | 260507b tu ||||| |||| 00| 0 tur d | ||
| 020 | _a9786257025041 | ||
| 040 |
_aTR-AnABB _btur _cTR-AnABB |
||
| 041 | _atur | ||
| 082 |
_a811.42 _bDEN 2019 |
||
| 100 | 1 | _aDeniz, Rasim | |
| 245 | 1 | 0 |
_aÜrgüplü aşık Ali Fethi / _cRasim Deniz |
| 260 |
_aKayseri : _bLaçin, _c2019 |
||
| 300 |
_a128 sayfa ; _c20 cm |
||
| 500 | _aYazar tarafından Prof. Dr. Ruşen Keleş için İmzalanmıştır. | ||
| 650 | 0 | 4 | _aTürk edebiyatı, şiir |
| 900 | _bCan ÇELIK | ||
| 942 |
_2ddc _cBK |
||
| 999 |
_c10367 _d10367 |
||